Día Internacional de la Diversidad Biológica 22 de Mayo de 2011: (Registro nro. 9025)

Detalles MARC
000 -CABECERA
Campo de control 00850nam a22002297a 4500
005 - FECHA Y HORA DE LA ULTIMA TRANSACCION
Campo de control 20180803165628.0
008 - ELEMENTOS DE LONGITUD FIJA—INFORMACION GENERAL
Campo de control 150121b2010 cn |||||r|||| 00| 0 spa d
040 ## - FUENTE DE CATALOGACIÓN
Agencia catalogadora original CO-BoIAVH
Agencia transcriptora CO-BoIAVH
041 ## - IDIOMA
Código de idioma para texto/pista de sonido o título separado Español
044 ## - PAÍS DE PUBLICACIÓN
País de publicación Colombia
090 ## - CLASIFICACIÓN LOCAL
Colección EA
Consecutivo 00290
245 ## - MENCION DE TITULO
Título Día Internacional de la Diversidad Biológica 22 de Mayo de 2011:
Parte restante del título La Diversidad Biológica Forestal El Tesoro viviente de la Tierra
260 ## - PUBLICACION, DISTRIBUCION, ETC. (PIE DE IMPRENTA)
Lugar de publicación, distribución, etc. Montreal :
Nombre del editor, distribuidor, etc. Secretaría del Convenio sobre la Diversidad Biológica,
Fecha de publicación, distribución, etc. 2010.
300 ## - DESCRIPCION FISICA
Extensión 48 pag
Otros detalles físicos Fot (col)
Dimensiones 21 cm.
504 ## - NOTA DE BIBLIOGRAFIA, ETC.
Nota de bibliografía Incluye referencias bibliográficas (pag 46 - 48)
650 #4 - ASIENTO SECUNDARIO DE MATERIA - TERMINO TEMATICO
Término temático o nombre geográfico como elemento de entrada Conservación de la diversidad biológica forestal
650 #4 - ASIENTO SECUNDARIO DE MATERIA - TERMINO TEMATICO
Término temático o nombre geográfico como elemento de entrada Reservas forestales
650 ## - ASIENTO SECUNDARIO DE MATERIA - TERMINO TEMATICO
Término temático o nombre geográfico como elemento de entrada Protección de bosques
650 ## - ASIENTO SECUNDARIO DE MATERIA - TERMINO TEMATICO
Término temático o nombre geográfico como elemento de entrada Recursos Hídricos
650 ## - ASIENTO SECUNDARIO DE MATERIA - TERMINO TEMATICO
Término temático o nombre geográfico como elemento de entrada Fauna
942 ## - ELEMENTOS ADICIONALES (KOHA)
Sistema de clasificación Local
Tipo de ítem Libro
Existencias
Withdrawn status Lost status Sistema de Clasificación Damaged status No para préstamo Colección Inventariado Ubicación Permanente Ubicación actual Fecha de adquisición Fuente de Valor Valor Total Checkouts Número topográfico Inventario / Código de Barras Date last seen Ejemplar Price effective from Forma de adquisición Tipo de material
    Local     Educación Ambiental Inventariado 2017 Sala Fabio Quevedo Sala Fabio Quevedo 21/01/2015 Instituto 39000.00   EA-00290 034976 21/01/2015 Ej. 1 21/01/2015   Libro